Niektoré tvrdenia o perspektívnych trojuholníkoch

Bibliographic Details
Main Author: Vallo, Dušan, 1975- (Author)
Format: Article
Language:Slovak
PhysicalDescription:Sch.
ISBN:8080508968
Subjects:

MARC

LEADER 00000nab a2200000 a 4500
001 vtls009159387
003 SK-MaSNL
005 20260304152502.0
008 250506c2005 xo |||||||||||000 b|slo
015 |a SNBRA2007/11  |2 snkbucl 
035 |a (uuid)be67937a-b904-41dd-b8b6-008919feaabf 
035 |a urn:nbn:sk:snk-ab115b 
035 |a (urnnbn)urn:nbn:sk:snk:ar-004yhc 
038 |a SNKBUCL 
040 |a SNKBUCL  |b slo  |c SNKBUCL  |e AACR2 
041 0 |a slo  |b eng 
044 |a xo  |c SK 
080 |a 514.112.3  |2 2001 
080 |a 514.12  |2 2001 
100 1 |a Vallo, Dušan,  |d 1975-  |4 aut  |9 123720 
245 1 0 |a Niektoré tvrdenia o perspektívnych trojuholníkoch  |c Dušan Vallo 
300 |b Sch. 
504 |a Bibliogr. odkazy 
546 |a Res. angl. 
650 0 7 |a trojuholníky  |2 snkbucl  |9 107283 
650 0 7 |a perspektívne trojuholníky  |2 snkbucl  |9 1474816 
650 0 7 |a Cevova veta  |2 snkbucl  |9 1474817 
773 0 |t Acta mathematica 8  |d Nitra : Fakulta prírodných vied UKF, 2005  |g S. 71-74  |z 8080508968 
850 |a Slovenská národná knižnica 
852 |a Slovenská národná knižnica 
954 |a odborná, vedecká literatúra pôvodná (slovenská)  |2 lita 
958 |a article27 
958 |a NB 
958 |a OND 
958 |a EUIPO 
999 |c 2949314  |d 2951244